| 000 | 00540nam a2200205Ia 4500 | ||
|---|---|---|---|
| 003 | OSt | ||
| 005 | 20251211164901.0 | ||
| 008 | 210707s1983 xx 000 0 und d | ||
| 040 | _cAL | ||
| 041 | _aKannada | ||
| 082 | _aK894.1 MADN | ||
| 100 |
_aMADHARACHENNA. _dಮಧುರಚೆನ್ನ _9248914 |
||
| 245 |
_aNanna nalla. _bನನ್ನ ನಲ್ಲ |
||
| 260 |
_aBengaluru _bVishva Kannada Sammelana _c1983 |
||
| 300 | _aviii,138 p | ||
| 365 |
_b2 _cINR |
||
| 563 | _aPB | ||
| 650 |
_aKannada Poetry _9248915 |
||
| 942 |
_2ddc _cBK |
||
| 999 |
_c180126 _d180126 |
||